Characters from The West Wing Quiz Stats

 Plays Quiz Updated Jul 16, 2019

Score 0/32 Timer 10:00
5 Plays Today
Actor Character % Correct
Allison JanneyClaudia Jean 'C.J.' Cregg
94.9%
Martin SheenJosiah 'Jed' Bartlet
94.2%
Bradley WhitfordJoshua 'Josh' Lyman
93.8%
Richard SchiffTobias 'Toby' Ziegler
93.1%
John SpencerLeo Thomas McGarry
91.6%
Rob LoweSamuel 'Sam' Seaborn
89.7%
Dulé HillCharles 'Charlie' Young
89.5%
Janel MoloneyDonnatella 'Donna' Moss
87.1%
Stockard ChanningAbigail 'Abbey' Bartlet
69.1%
Tim MathesonJohn Hoynes
66.3%
Joshua MalinaWilliam 'Will' Bailey
61.6%
Jimmy SmitsMatthew 'Matt' Santos
60.4%
Matthew PerryJoseph 'Joe' Quincy
52.2%
Emily ProcterAinsley Hayes
51.9%
Timothy BusfieldDaniel 'Danny' Concannon
51.2%
Oliver PlattOliver Babish
49.3%
Actor Character % Correct
Gary ColeRobert 'Bob' Russell
49%
John AmosPercy Fitzwallace
48.7%
Marlee MatlinJosephine 'Joey' Lucas
48.6%
Mary-Louise ParkerAmelia 'Amy' Gardner
48.1%
Moira KellyMadeline 'Mandy' Hampton
48%
Alan AldaArnold Vinick
45.6%
Anna Deavere SmithNancy McNally
44.9%
Kathryn JoostenDelores Landingham
43.9%
Lily TomlinDeborah 'Debbie' Fiderer
40.9%
Kristin ChenowethAnnabeth Schott
30.7%
Mary McCormackKate Harper
30.3%
Teri PoloHelen Santos
29.5%
Ron SilverBruno Gianelli
29%
Christian SlaterJack Reese
25.8%
John LaroquetteLionel Tribbey
24.3%
Mark HarmonSimon Donovan
23.7%

You're not logged in!

Compare scores with friends on all Sporcle quizzes.
OR
Log In

Sporcle TV

Today on Sporcle TV


Watch our educational content, quiz creation guides, and fun videos on Sporcle TV.

Show Comments

Extras

Top Quizzes Today


Score Distribution

Your Account Isn't Verified!

In order to create a playlist on Sporcle, you need to verify the email address you used during registration. Go to your Sporcle Settings to finish the process.

Report this User

Report this user for behavior that violates our Community Guidelines.

Details: